Otázky a odpovede zo zvárania elektrickým oblúkom /

Enregistré dans:
Détails bibliographiques
Auteur principal: Pilarczyk, Jozef (Auteur)
Format: Livre
Langue:slovaque
Publié: Bratislava : Alfa, 1980
Édition:2.vyd.
Sujets:
Tags: Ajouter un tag
Pas de tags, Soyez le premier à ajouter un tag!

MARC

LEADER 00000nam a22000003a 4500
001 stu40469
005 20150617225722.2
008 930505s1980----cs------------------slo-d
040 |a STU  |b slo 
041 0 |a slo 
044 |a cs 
080 |a 621.791.75 
100 1 |a Pilarczyk, Jozef  |4 aut 
245 1 |a Otázky a odpovede zo zvárania elektrickým oblúkom /  |c [aut.]Jozef Pilarczyk 
250 |a 2.vyd. 
260 |a Bratislava :  |b Alfa,  |c 1980 
300 |a 156 s 
650 7 |a zváranie oblúkové  |2 stusub 
996 |b 284M029963  |c M*2517-1  |l MMKN  |s A  |a 24  |w stu40469_0001